Latto Charting Songs (Billboard Hot 100) - Statistics

General Stats
  • This quiz has been taken 58 times
    6 since last reset
  • The average score is 9 of 13
Answer Stats
Album Weeks On Peak Artist(s) Song % Correct
Golden 15 Weeks #1 (1 Week) Jungkook ft. Latto Seven
100%
777 51 Weeks #3 Latto Big Energy
83%
Sugar Honey Iced Tea 1 Week #92 Latto Big Mama
83%
Non-Album Single 1 Week #83 Latto ft. LU KALA Lottery
83%
Sugar Honey Iced Tea 16 Weeks #13 Latto ft. Cardi B Put It On Da Floor Again
83%
Queen of da Souf 3 Weeks #95 Latto Bitch from da Souf
67%
Non-Album Single 4 Weeks #69 Lola Brooke ft. Billy B or Latto & Yung Miami Don't Play With It
67%
Finally Over It 1 Week #60 Summer Walker, Latto & Doja Cat Go Girl
67%
Sugar Honey Iced Tea 1 Week #100 Latto Sunday Service
67%
Sugar Honey Iced Tea 5 Weeks #84 Latto Brokey
50%
Traumazine 1 Week #87 Megan Thee Stallion ft. Latto Budget
50%
100 Gigs 1 Week #85 Drake ft. Latto Housekeeping Knows
50%
Non-Album Single 3 Weeks #94 Latto Somebody
33%
No matching quizzes found
Score Distribution
Percent of People with Each Score
Percentile by Number Answered
Your Score History
You have not taken this quiz since the last reset